Estatísticas para Cultura Geral

Clique aqui para jogar o quiz

Estatísticas Gerais

  • Esse quiz foi jogado 8 vezes
  • A pontuação média é 10 de 15

Estatísticas das Respostas

HintResposta% Correto
Em que país nasceu Fafá de Belém?Brasil
100%
Que nome damos á concentração de determinados casos de uma doença em um mesmo local e época?Epidemia
100%
Que ave imortal renasce das próprias cinzas?Fénix
100%
Qual é o satélite natural da Terra?Lua
100%
Qual é o 4.° planeta a partir do Sol no Sistema Solar?Marte
86%
De que cor é o Rubi, pedra preciosa?Vermelho
86%
Qual é o símbolo do Cádmio?Cd
71%
Que nome damos á ciência que estuda a crosta terrestre e a formação da Terra?Geologia
71%
Que nome damos á escala numérica adimensional utilizada para especificar a acidez ou basicidade de uma solução aquosa?PH
71%
Em que país podemos encontrar Greenwich?Reino Unido
71%
Qual é o primeiro signo astrológico do zodíaco?Carneiro ou áries
43%
Que nome damos ao sistema pelo qual uma comunidade ou Estado é governado?Governo
43%
Que nome damos ao alto dignitário da Igreja Católica, que assiste o Papa em diversas competências?Cardeal
29%
Qual é o oitavo signo astrológico do zodíaco?Escorpião
29%
Que termo é usado para categorizar ideias e movimentos vagamente relacionados associados ao oculto ou segredos?Esoterismo
0%

Distribuição das Pontuações

Percentil de Números Respondidos

Porcentagem de Pessoas com Cada Pontuação

Sua Pontuação Histórica

Você não jogou esse quiz